000 00800nam a22002290 4500
003 PILC
005 20150824103720.0
008 960831s1971
050 _aHD 2795
_b.M668 1971
100 1 _aMintz, Morton.
245 1 0 _aAmerica, Inc. :
_bwho owns and operates the United States /
_cby Morton Mintz & Jerry S. Cohen ; introduction by Ralph Nader.
260 _aNew York :
_bDell,
_c1971.
300 _a511 pages ;
_c20 cm.
500 _aIncludes bibliographical references and index.
650 _aBig business
_xUnited States.
650 _aBusiness and politics
_xUnited States.
650 _aCommercial crimes
_xUnited States.
650 _aIndustry and state
_xUnited States.
700 1 _aCohen, Jerry S.
700 1 _aNader, Ralph,
_eed.
942 _2lcc
_cBK
_kFOR
999 _c288444
_d288444